Tour de France 2018 riders - Statistics

General Stats
  • This quiz has been taken 18 times
  • The average score is 101 of 176
Answer Stats
Team # Country Rider % Correct
Sky 8 Geraint Thomas
100%
Sky 3 Jonathan Castroviejo
100%
Sky 7 Luke Rowe
100%
EF Education First 11 Rigoberto Uran
100%
Mitchelton-Scott 61 Adam Yates
90%
Movistar 78 Alejandro Valverde
90%
Groupama-FDJ 151 Arnaud Demare
90%
Trek-Segafredo 191 Bauke Mollema
90%
Sky 1 Chris Froome
90%
BMC 83 Damiano Caruso
90%
UAE Emirates 91 Daniel Martin
90%
Dimension Data 132 Edvald Boasson Hagen
90%
Bahrain Merida 54 Gorka Izagirre
90%
Wanty-Groupe Gobert 211 Guillaume Martin
90%
Katusha-Alpecin 141 Ilnur Zakarin
90%
Bahrain Merida 55 Ion Izagirre
90%
Astana 121 Jakob Fuglsang
90%
Quick-Step 101 Julian Alaphilippe
90%
Astana 127 Luis Leon Sanchez
90%
Dimension Data 131 Mark Cavendish
90%
AG2R La Mondiale 24 Mathias Frank
90%
Sunweb 31 Michael Matthews
90%
Astana 128 Michael Valgren
90%
Sky 4 Michal Kwiatkowski
90%
Mitchelton-Scott 68 Mikel Nieve
90%
Movistar 71 Nairo Quintana
90%
BORA-hansgrohe 111 Peter Sagan
90%
BORA-hansgrohe 114 Rafal Majka
90%
BMC 81 Richie Porte
90%
AG2R La Mondiale 21 Romain Bardet
90%
Lotto Soudal 174 Thomas De Gendt
90%
Katusha-Alpecin 146 Tony Martin
90%
Bahrain Merida 51 Vincenzo Nibali
90%
Fortuneo-Samsic 41 Warren Barguil
90%
Sky 6 Wout Poels
90%
Lotto Soudal 171 Andre Greipel
80%
Movistar 72 Andrey Amador
80%
Quick-Step 105 Bob Jungels
80%
BMC 87 Greg Van Avermaet
80%
Cofidis 204 Jesus Herrada
80%
Trek-Segafredo 194 John Degenkolb
80%
BMC 86 Michael Schar
80%
AG2R La Mondiale 27 Oliver Naesen
80%
Quick-Step 104 Philippe Gilbert
80%
LottoNL-Jumbo 166 Primoz Roglic
80%
Dimension Data 133 Reinardt Janse van Rensburg
80%
LottoNL-Jumbo 162 Robert Gesink
80%
Sunweb 34 Simon Geschke
80%
Sunweb 36 Soren Kragh Andersen
80%
Astana 125 Tanel Kangert
80%
BMC 88 Tejay van Garderen
80%
Sunweb 32 Tom Dumoulin
80%
UAE Emirates 95 Alexander Kristoff
70%
BORA-hansgrohe 116 Daniel Oss
70%
Mitchelton-Scott 67 Daryl Impey
70%
Groupama-FDJ 152 David Gaudu
70%
Sunweb 38 Edward Theuns
70%
Sky 2 Egan Bernal
70%
Quick-Step 103 Fernando Gaviria
70%
Sky 5 Gianni Moscon
70%
BORA-hansgrohe 115 Gregor Muhlberger
70%
Movistar 74 Imanol Erviti
70%
Trek-Segafredo 198 Jasper Stuyven
70%
BORA-hansgrohe 112 Maciej Bodnar
70%
Astana 126 Magnus Cort
70%
Katusha-Alpecin 144 Marcel Kittel
70%
Quick-Step 107 Maximiliano Richeze
70%
Direct Energie 188 Rein Taaramae
70%
Katusha-Alpecin 143 Robert Kiserlovski
70%
Groupama-FDJ 156 Rudy Molard
70%
EF Education First 18 Sep Vanmarcke
70%
LottoNL-Jumbo 161 Steven Kruijswijk
70%
Direct Energie 183 Sylvain Chavanel
70%
Quick-Step 102 Tim Declercq
70%
Trek-Segafredo 197 Toms Skujins
70%
Trek-Segafredo 196 Tsgabu Grmay
70%
AG2R La Mondiale 28 Alexis Vuillermoz
60%
Cofidis 208 Anthony Turgis
60%
Cofidis 205 Daniel Navarro
60%
Astana 123 Dmitriy Gruzdev
60%
Trek-Segafredo 192 Julien Bernard
60%
Bahrain Merida 56 Kristijan Koren
60%
Mitchelton-Scott 63 Luke Durbridge
60%
Movistar 77 Marc Soler
60%
Quick-Step 108 Niki Terpstra
60%
Katusha-Alpecin 147 Nils Politt
60%
AG2R La Mondiale 26 Pierre Latour
60%
EF Education First 16 Pierre Rolland
60%
Dimension Data 134 Serge Pauwels
60%
BMC 85 Stefan Kung
60%
Groupama-FDJ 155 Tobias Ludvigsson
60%
AG2R La Mondiale 25 Tony Gallopin
60%
Quick-Step 106 Yves Lampaert
60%
Groupama-FDJ 158 Arthur Vichot
50%
Cofidis 201 Christophe Laporte
50%
EF Education First 14 Daniel Martinez
50%
Wanty-Groupe Gobert 217 Dion Smith
50%
LottoNL-Jumbo 163 Dylan Groenewegen
50%
Groupama-FDJ 153 Jacopo Guarnieri
50%
Lotto Soudal 173 Jasper De Buyst
50%
Cofidis 207 Julien Simon
50%
Dimension Data 138 Julien Vermote
50%
Trek-Segafredo 193 Koen de Kort
50%
UAE Emirates 93 Kristijan Durasek
50%
BORA-hansgrohe 118 Lukas Postlberger
50%
Dimension Data 135 Mark Renshaw
50%
Mitchelton-Scott 65 Michael Hepburn
50%
Movistar 75 Mikel Landa
50%
Cofidis 203 Nicolas Edet
50%
Groupama-FDJ 157 Ramon Sinkeldam
50%
Katusha-Alpecin 148 Rick Zabel
50%
EF Education First 12 Simon Clarke
50%
Bahrain Merida 52 Sonny Colbrelli
50%
Lotto Soudal 176 Tomasz Marczynski
50%
Wanty-Groupe Gobert 215 Yoann Offredo
50%
LottoNL-Jumbo 164 Amund Grondahl Jansen
40%
Cofidis 206 Anthony Perez
40%
Mitchelton-Scott 66 Damien Howson
40%
Movistar 73 Daniele Bennati
40%
UAE Emirates 92 Darwin Atapuma
40%
Bahrain Merida 58 Domenico Pozzovivo
40%
Fortuneo-Samsic 48 Florian Vachon
40%
Bahrain Merida 57 Franco Pellizotti
40%
Mitchelton-Scott 62 Jack Bauer
40%
Direct Energie 184 Jerome Cousin
40%
Astana 124 Jesper Hansen
40%
Movistar 76 Jose Joaquin Rojas
40%
Sunweb 37 Laurens ten Dam
40%
Fortuneo-Samsic 47 Laurent Pichon
40%
Direct Energie 181 Lilian Calmejane
40%
BORA-hansgrohe 113 Marcus Burghardt
40%
Fortuneo-Samsic 42 Maxime Bouet
40%
Astana 122 Omar Fraile
40%
LottoNL-Jumbo 165 Paul Martens
40%
Direct Energie 187 Romain Sicard
40%
BMC 84 Simon Gerrans
40%
EF Education First 15 Taylor Phinney
40%
Lotto Soudal 172 Tiesj Benoot
40%
LottoNL-Jumbo 167 Timo Roosen
40%
EF Education First 17 Tom Scully
40%
Wanty-Groupe Gobert 216 Andrea Pasqualon
30%
Sunweb 35 Chad Haga
30%
Direct Energie 185 Damien Gaudin
30%
Direct Energie 186 Fabien Grellier
30%
Bahrain Merida 53 Heinrich Haussler
30%
EF Education First 13 Lawson Craddock
30%
Lotto Soudal 177 Marcel Sieberg
30%
UAE Emirates 96 Marco Marcato
30%
Groupama-FDJ 154 Olivier Le Gac
30%
BMC 82 Patrick Bevin
30%
UAE Emirates 97 Rory Sutherland
30%
AG2R La Mondiale 22 Silvan Dillier
30%
Fortuneo-Samsic 46 Amael Moinard
20%
AG2R La Mondiale 23 Axel Domont
20%
Cofidis 202 Dimitri Claeys
20%
Fortuneo-Samsic 43 Elie Gesbert
20%
Lotto Soudal 178 Jelle Vanendert
20%
Lotto Soudal 175 Jens Keukeleire
20%
Fortuneo-Samsic 45 Kevin Ledanois
20%
Wanty-Groupe Gobert 214 Marco Minnaard
20%
Mitchelton-Scott 64 Mathew Hayman
20%
Trek-Segafredo 195 Michael Gogl
20%
Sunweb 33 Nikias Arndt
20%
UAE Emirates 98 Oliviero Troia
20%
BORA-hansgrohe 117 Pawel Poljanski
20%
UAE Emirates 94 Roberto Ferrari
20%
Fortuneo-Samsic 44 Romain Hardy
20%
Direct Energie 182 Thomas Boudat
20%
Wanty-Groupe Gobert 213 Timothy Dupont
20%
LottoNL-Jumbo 168 Antwan Tolhoek
10%
Wanty-Groupe Gobert 218 Guillaume Van Keirsbulck
10%
Wanty-Groupe Gobert 212 Thomas Degand
10%
Katusha-Alpecin 142 Ian Boswell
0%
Dimension Data 137 Jay Thomson
0%
Katusha-Alpecin 145 Pavel Kochetkov
0%
Dimension Data 136 Tom-Jelte Slagter
0%
No matching quizzes found
Score Distribution
Percent of People with Each Score
Percentile by Number Answered
Your Score History
You have not taken this quiz